Counselling for women

Bibliographic Details
Main Author: Perry, Janet
Format: Book
Published: Buckingham : University Press , 1993
Subjects:

MARC

LEADER 00000cam a2200000 7i4500
001 0000002656
002 000002884
005 20000330.0
020 |a 0335190340 
090 0 0 |a 362.83860941   |b PER 
100 1 |a Perry, Janet 
245 1 0 |a Counselling for women   |c Janet Perry 
260 |a Buckingham :   |b University Press ,   |c 1993 
300 |a 113p. ;   |c 21cm. 
650 0 0 |a Feminist therapy   |z Great Britain 
650 0 0 |a Women   |x Counselling   |z Great Britain 
999 |a 036067   |b BUKU   |c PINJAMAN   |e PERPUSTAKAAN KOMUNITI PETALING JAYA